Loading...
| Science - Physics | 1 | 5 | 1 | 0 | 60 | 44 | 74.50 | 2 | 6 | 0.00 | 0.00 |
| Science - Other | 0 | 3 | 1 | 0 | 25 | 76 | 85.33 | 1 | 3 | 0.00 | 0.00 |
| Fine Arts - Other | 0 | 2 | 0 | 1 | 20 | 133 | 138.00 | 0 | 2 | 0.00 | 0.00 |
| Religion | 0 | 2 | 0 | 0 | 20 | 126 | 126.50 | 1 | 2 | 0.00 | 0.00 |
| History - World | 0 | 2 | 1 | 1 | 15 | 117 | 120.50 | 0 | 2 | 0.00 | 0.00 |
| History - Other | 1 | 0 | 0 | 0 | 15 | 74 | 74.00 | 1 | 1 | 0.00 | 0.00 |
| Current Events | 1 | 0 | 0 | 0 | 15 | 61 | 61.00 | 0 | 1 | 0.00 | 0.00 |
| Social Science | 0 | 1 | 0 | 0 | 10 | 97 | 97.00 | 1 | 1 | 0.00 | 0.00 |
| Literature - British | 0 | 1 | 0 | 0 | 10 | 74 | 74.00 | 1 | 1 | 0.00 | 0.00 |
| Mythology- Edited | 0 | 1 | 0 | 0 | 10 | 109 | 109.00 | 1 | 1 | 0.00 | 0.00 |
| Religion- Edited | 0 | 1 | 0 | 0 | 10 | 90 | 90.00 | 1 | 1 | 0.00 | 0.00 |
| Science - Chemistry | 0 | 2 | 4 | 0 | 0 | 74 | 74.50 | 2 | 2 | 0.00 | 0.00 |
| Philosophy | 0 | 1 | 2 | 0 | 0 | 102 | 102.00 | 0 | 1 | 0.00 | 0.00 |
| Science - Biology | 0 | 0 | 1 | 0 | -5 | 0.00 | 0 | 0 | 0.00 | 0.00 | |
| Pop Culture | 0 | 0 | 1 | 0 | -5 | 0.00 | 0 | 0 | 0.00 | 0.00 | |
| Other Academic | 0 | 0 | 1 | 0 | -5 | 0.00 | 0 | 0 | 0.00 | 0.00 |